The Spanish Civil War

Saved in:
Bibliographic Details
Main Author: THOMAS, Hugh
Format: Book
Language:English
Published: Penguin Books 1965
Tags: Add Tag
No Tags, Be the first to tag this record!

MARC

LEADER 00000nam a22000007a 4500
008 201208b ||||| |||| 00| 0 eng d
100 |a THOMAS, Hugh 
245 |a The Spanish Civil War  |c Hugh Thomas  |g 910p.; ill 
260 |b Penguin Books  |c 1965  |h Middlesex, England  |i 693775   |l DP269 .T36  |m Spain – History – Civil War, 1936 - 1939 
500 |a It includes index”. 
942 |a ddc  |c BK  |e O.A. JOHNSON  |f 08/12/20 
952 |0 0  |1 0  |2 lcc  |4 0  |6 DP0269 T36  |7 0  |9 250  |a HOL  |b HOL  |c AF  |d 2020-12-08  |l 0  |o DP269 .T36  |p 2020-0191  |r 2020-12-08 00:00:00  |w 2020-12-08  |y BK 
999 |c 101  |d 101